[Event "URU-ch sf"]
[Site "Montevideo"]
[Date "2024.02.12"]
[Round "6"]
[White "Pena, Santiago"]
[Black "Yakes, Nikolai"]
[Result "0-1"]
[WhiteElo "1671"]
[BlackElo "1394"]
[PlyCount "70"]
[EventDate "2024.02.09"]
[EventType "swiss"]
[EventRounds "7"]
[EventCountry "URU"]
[SourceTitle "CB08_2024"]
[SourceDate "2024.02.21"]
[SourceVersion "1"]
[SourceVersionDate "2024.02.21"]
[SourceQuality "1"]

1. d4 Nf6 2. Bf4 c5 3. e3 d5 4. Nf3 e6 5. Nbd2 Nc6 6. c3 cxd4 7. exd4 Be7 8. Bd3 0-0 9. Ne5 g6 10. Qe2 Nd7 11. Nxd7 Bxd7 12. Bh6 Re8 13. Nf3 Bf6 14. h4 e5 15. dxe5 Nxe5 16. Nxe5 Rxe5 17. Be3 Bxh4 18. 0-0-0 Bf6 19. Qd2 Re8 20. Qe2 d4 21. cxd4 Bxd4 22. Kb1 Bxe3 23. fxe3 Qb6 24. Rh6 Qxe3 25. Qxe3 Rxe3 26. Bc4 Be6 27. Rdh1 Bxc4 28. Rxh7 Re1+ 29. Rxe1 Kxh7 30. Re7 Rc8 31. b3 Bd5 32. g4 Kh6 33. g5+ Kh5 34. Kb2 Rd8 35. a4 Kxg5 0-1

[Event "URU-ch sf"]
[Site "Montevideo"]
[Date "2024.02.11"]
[Round "4"]
[White "Gonzalez Valenzuela, Federico"]
[Black "Pena, Santiago"]
[Result "1-0"]
[WhiteElo "1624"]
[BlackElo "1671"]
[PlyCount "103"]
[EventDate "2024.02.09"]
[EventType "swiss"]
[EventRounds "7"]
[EventCountry "URU"]
[SourceTitle "CB08_2024"]
[SourceDate "2024.02.21"]
[SourceVersion "1"]
[SourceVersionDate "2024.02.21"]
[SourceQuality "1"]

1. e4 e5 2. Bc4 Nf6 3. Nc3 Bc5 4. d3 h6 5. Be3 Bxe3 6. fxe3 d6 7. Nf3 Nc6 8. a4 a6 9. 0-0 0-0 10. Qe1 Be6 11. Nd5 Bxd5 12. exd5 Ne7 13. e4 Ng6 14. Nh4 Nxh4 15. Qxh4 Rb8 16. Bb3 Nd7 17. Qh5 Nc5 18. Rf3 Qg5 19. Qxg5 hxg5 20. a5 Nxb3 21. cxb3 b6 22. Rf2 bxa5 23. Rxa5 Rb6 24. Rc2 Rc8 25. Kf2 Kf8 26. Rc3 Ke7 27. Kf3 g6 28. Ra1 f6 29. Rac1 Rb7 30. g4 Kd7 31. Ke3 Rh8 32. R1c2 Rh3+ 33. Kd2 Rxh2+ 34. Kc1 Rh1+ 35. Kd2 Rg1 36. Rc6 Rxg4 37. Kc3 f5 38. exf5 gxf5 39. Rxa6 f4 40. Ra8 Rh4 41. Rg2 g4 42. d4 exd4+ 43. Kxd4 Rxb3 44. Re2 Re3 45. Rc2 Rh8 46. Rxh8 g3 47. Rf8 Rf3 48. Rc1 Rf2 49. Ke4 Re2+ 50. Kf3 Rf2+ 51. Kg4 Ke7 52. Rxf4 1-0